Principles of macroeconomics : (Record no. 12165)
[ view plain ]
| 000 -LEADER | |
|---|---|
| fixed length control field | 00861cam a2200253 a 4500 |
| 001 - CONTROL NUMBER | |
| control field | 15727760 |
| 003 - CONTROL NUMBER IDENTIFIER | |
| control field | OSt |
| 005 - DATE AND TIME OF LATEST TRANSACTION | |
| control field | 20160405151303.0 |
| 008 - FIXED-LENGTH DATA ELEMENTS--GENERAL INFORMATION | |
| fixed length control field | 090507s2010 ohua 000 0 eng |
| 010 ## - LIBRARY OF CONGRESS CONTROL NUMBER | |
| LC control number | 2009928123 |
| 020 ## - INTERNATIONAL STANDARD BOOK NUMBER | |
| International Standard Book Number | 9781439078228 |
| 040 ## - CATALOGING SOURCE | |
| Original cataloging agency | LCC |
| Transcribing agency | DLC |
| 050 00 - LIBRARY OF CONGRESS CALL NUMBER | |
| Classification number | HB 172.5 |
| Item number | .T39 2010 |
| 100 1# - MAIN ENTRY--PERSONAL NAME | |
| Personal name | Taylor, John B. |
| 245 10 - TITLE STATEMENT | |
| Title | Principles of macroeconomics : |
| Remainder of title | global financial crisis edition / |
| Statement of responsibility, etc. | John B Taylor, Akila Weerapana. |
| 250 ## - EDITION STATEMENT | |
| Edition statement | 6th ed., Global Financial Crisis ed. |
| 260 ## - PUBLICATION, DISTRIBUTION, ETC. (IMPRINT) | |
| Place of publication, distribution, etc. | Mason, OH : |
| Name of publisher, distributor, etc. | South-Western Cengage Learning, |
| Date of publication, distribution, etc. | c2010. |
| 300 ## - PHYSICAL DESCRIPTION | |
| Extent | 1 v. (various pagings) : |
| Other physical details | ill. (chiefly col.) ; |
| Dimensions | 26 cm. |
| 650 #0 - SUBJECT ADDED ENTRY--TOPICAL TERM | |
| Topical term or geographic name as entry element | Macroeconomics. |
| 700 1# - ADDED ENTRY--PERSONAL NAME | |
| Personal name | Weerapana, Akila. |
| 906 ## - LOCAL DATA ELEMENT F, LDF (RLIN) | |
| a | 7 |
| b | cbc |
| c | orignew |
| d | 2 |
| e | epcn |
| f | 20 |
| g | y-gencatlg |
| 942 ## - ADDED ENTRY ELEMENTS (KOHA) | |
| Source of classification or shelving scheme | Library of Congress Classification |
| Koha item type | General circulation |
| Withdrawn status | Lost status | Source of classification or shelving scheme | Damaged status | Not for loan | Home library | Current library | Shelving location | Date acquired | Source of acquisition | Total Checkouts | Full call number | Barcode | Date last seen | Price effective from | Koha item type |
|---|---|---|---|---|---|---|---|---|---|---|---|---|---|---|---|
| Library of Congress Classification | Mtito Andei Centre Library | Mtito Andei Centre Library | General Stacks | 18/03/2016 | Donation - Books for Africa | HB 172.5 .T39 2010 | 2016/014705 | 18/03/2016 | 18/03/2016 | General circulation |